| 000 | 00480cam a2200193ua 4500 | ||
|---|---|---|---|
| 001 | 4192 | ||
| 008 | 111220n ii |||gr||||Z||||||asm | ||
| 020 | _a81-89003-22-4 | ||
| 040 | _cMAIN | ||
| 082 | _a891.4513 | ||
| 100 | 1 | _aDas, Debabrat, | |
| 245 | 1 | 1 |
_aDebabrat Dasar nirbachita galpa _cby Debabrat Das |
| 250 | _a1st. | ||
| 260 |
_aGuwahati: _bAnwesha prakash, _c2007. |
||
| 300 |
_a238p: _c23cm. |
||
| 653 | _aAssamese short stories | ||
| 653 | _aChuti galpa | ||
| 942 | _cBK | ||
| 999 |
_c4014 _d4014 |
||